| 000 | 00902cam a2200277 a 4500 | ||
|---|---|---|---|
| 001 | 1370163 | ||
| 003 | ARRUPE | ||
| 005 | 20140930163521.0 | ||
| 008 | 810512s1981 nyu b 000 0 eng | ||
| 010 | _a 81005834 | ||
| 020 | _a0816423407 | ||
| 040 |
_aDLC _cDLC _dDLC |
||
| 050 | 0 | 0 |
_aBV4501.2 _b.L595 |
| 082 | 0 | 0 |
_a248.4/83 _219 |
| 245 | 0 | 0 |
_aLiving simply : _ban examination of Christian lifestyles / _cedited by David Crean and Eric and Helen Ebbeson. |
| 260 |
_aNew York : _bSeabury Press, _c1981. |
||
| 300 |
_ax, 102 p. ; _c21 cm. |
||
| 504 | _aIncludes bibliographical references. | ||
| 650 | 0 |
_aChristian life _xAnglican authors. _911874 |
|
| 650 | 0 |
_aSimplicity _xReligious aspects. _911875 |
|
| 700 | 1 |
_aCrean, David. _911876 |
|
| 700 | 1 |
_aEbbeson, Eric. _911877 |
|
| 700 | 1 |
_aEbbeson, Helen. _911878 |
|
| 906 |
_a7 _bcbc _corignew _d1 _eocip _f19 _gy-gencatlg |
||
| 942 |
_2lcc _cMONOGRAPH |
||
| 999 |
_c121020 _d121020 |
||